Reclaiming of natural rubber based latex products (Record no. 66522)

MARC details
000 -LEADER
fixed length control field 00582nam a2200181Ia 4500
100 ## - MAIN ENTRY--AUTHOR NAME
Personal name Rajan V V
245 #0 - TITLE STATEMENT
Title Reclaiming of natural rubber based latex products
260 ## - PUBLICATION, DISTRIBUTION, ETC. (IMPRINT)
Name of publisher International Seminar on Advances in Polymer Technology, 16-17, January 2004, Cochin University of Science and Technology, Kochi,pp.56-57.
650 ## - SUBJECT ADDED ENTRY--TOPICAL TERM
Topical Term Latex industry
650 ## - SUBJECT ADDED ENTRY--TOPICAL TERM
Topical Term Latex products
650 ## - SUBJECT ADDED ENTRY--TOPICAL TERM
Topical Term WLR vulcanizates
700 ## - ADDED ENTRY--PERSONAL NAME
Personal name Dierkes W K
700 ## - ADDED ENTRY--PERSONAL NAME
Personal name Joseph R
700 ## - ADDED ENTRY--PERSONAL NAME
Personal name Noordermeer J W M
856 ## - ELECTRONIC LOCATION AND ACCESS
Uniform Resource Identifier Abst only
942 ## - ADDED ENTRY ELEMENTS (KOHA)
Koha item type Journals
Holdings
Withdrawn status Lost status Damaged status Not for loan Home library Current library Shelving location Date acquired Koha item type
      Journals RRII Library RRII Library Rubber chemistry 17/12/2021 Journals